Mantenimiento de las construcciones escolares a nivel primario, en el pacífico de Nicaragua
El presente trabajo está dirigido a efectuar un análisis que permita cuantificar los requerimientos de mantenimiento que demandan los Edificios Escolares existentes. El estudio comprende la zona del Pacífico dc Nicaragua con el objeto de obtener datos que puedan proyectarse a nivel nacional, para...
| Main Author: | |
|---|---|
| Other Authors: | |
| Format: | Tesis Section = Libro |
| Language: | Undetermined Spanish |
| Published: |
Managua
Universidad Nacional Autónoma de Nicaragua (UNAN)
1979
|
| Subjects: |
| LEADER | 01262nam a2200229Ia 4500 | ||
|---|---|---|---|
| 008 | 240830s9999 xx 000 0 und d | ||
| 040 | |a BIBLIOTECA-RUSB/ Mon 727.1 M516 | ||
| 041 | |a spa | ||
| 082 | |a Mon 727.1 M516 | ||
| 100 | 1 | |a Mejía Quintana, Roger Adolfo | |
| 245 | 1 | 0 | |a Mantenimiento de las construcciones escolares a nivel primario, en el pacífico de Nicaragua |
| 260 | |a Managua |b Universidad Nacional Autónoma de Nicaragua (UNAN) |c 1979 | ||
| 300 | |a 90 p. :il. | ||
| 502 | |a Tesis (Ingeniero Civil) - Universidad Nacional Autónoma de Nicaragua (UNAN), 1979. | ||
| 520 | 3 | |a El presente trabajo está dirigido a efectuar un análisis que permita cuantificar los requerimientos de mantenimiento que demandan los Edificios Escolares existentes. El estudio comprende la zona del Pacífico dc Nicaragua con el objeto de obtener datos que puedan proyectarse a nivel nacional, para obtener resultados satisfactorios, se ha seguido una guía metodológica preparada por el CONESCAL, con ciertas reformas y adaptaciones a nuestra realidad nacional. | |
| 650 | 7 | |a ESCUELAS PRIMARIAS | |
| 650 | 7 | |b CONSTRUCCIONES ESCOLARES | |
| 650 | 7 | |c INGENIERIA CIVIL | |
| 700 | 1 | |a Tutor: |b Solís Espinoza, Vigarny | |
| 942 | |c BK |2 ddc | ||
| 991 | |a TESIS | ||
| 999 | |c 21383 | ||